000 01041nam a2200253Ia 4500
003 OSt
005 20221005112104.0
006 a|||||r|||| 00| 0
007 ta
008 221004b |||||||| |||| 00| 0 hin d
024 _a28621
037 _cTextual
040 _aCRL
_cCRL
_bhin
041 _2hin
_ahin
082 _aNR,18, 152 L9
100 _aगर्ग, लक्ष्मीनारायण, संपा.
245 0 _aहिन्दुस्तानी संगीत-पद्धति
_b क्रमिक पुस्तक मालिका पॉचवीं पुस्तक
246 _aHindustānī sangīta-paddhati: kramik pustak mālikā paॉchavīan pustaka
260 _aहाथरस
_bसगींत कार्यलय भारत
_c1979
300 _a436पृ.
_ccm.
650 _aसंगीत शास्त्र
942 _hNR,18, 152 L9
_cTEXL
_2cc
999 _c1023788
_d1023788